Lesní společenstva Třeboňské pánve

Podrobná bibliografia
Hlavný autor: Březina, Přemysl, 1910-1996 (Autor)
Médium: Kniha
Jazyk:čeština
Fyzický popis:116 s. lit., res., tab., obr. 1 voľ. príl.
Vydavateľské údaje: Praha Academia 1975
Edícia:Rozpravy ČSAV Řada matematických a přírodních věd
Predmet:

MARC

LEADER 00000cam a22000001a 4500
001 vtls009843355
003 SK-MaSNL
005 20260302010545.0
008 251106s1975 xr 000 0 cze
035 |a (SVKBBclas03)vtls000307926 
040 |a SNK  |b slo  |c SNK  |e AACR2 
041 1 |a cze  |b eng 
044 |a xr  |c CZ 
080 |a 581.9  |2 1981 
080 |a 581.55  |2 1981 
080 |a (437.31-13)  |2 1981 
100 1 |a Březina, Přemysl,  |d 1910-1996  |4 aut  |9 124157 
245 1 0 |a Lesní společenstva Třeboňské pánve  |c Přemysl Březina 
260 |a Praha  |b Academia  |c 1975 
300 |a 116 s.  |b lit., res., tab., obr.  |e 1 voľ. príl. 
490 1 |a Rozpravy ČSAV 
546 |a Anglické resumé 
650 0 7 |a lesné spoločenstvá  |2 SVKBBPH  |9 494052 
650 0 7 |a jaskyne  |2 SVKBBPH  |9 20772 
651 7 |a Čechy južné (Česko)  |2 SVKBBPH  |9 125098 
830 0 |a Rozpravy ČSAV  |n Ročník 85  |p Řada matematických a přírodních věd  |9 649690 
852 |a Slovenská národná knižnica v Martine  |b 10000  |h IC 63828 
958 |a OND 
999 |c 1003192  |d 1005122 
952 |a SNK  |b SNK  |y VYP  |7 0  |p 17A1347386  |o snkIC 63828  |i snkKIP 1025/76  |3 Obsahuje prílohu: 1 list, tabuľky ; Rekatalogizácia -- Obsahuje prílohu: 1 list, tabuľky  |0 0  |1 0  |4 0  |d 2020-02-04  |l 0  |r 2026-02-24 12:26:50  |w 2026-02-24 
952 |a SNK  |b SNK  |y VYP  |7 0  |p 17A1347385  |o snkIC 63828/pril.  |i snkKIP 1025/76  |3 Príloha: 1 list, tabuľky  |z Príloha: 1 list, tabuľky  |0 0  |1 0  |4 0  |d 2020-02-04  |l 0  |r 2026-02-24 12:26:50  |w 2026-02-24